Now you're talking! / (Record no. 13559)

000 -LEADER
fixed length control field 00328cam a2200133Ii 4500
040 ## - CATALOGING SOURCE
Transcribing agency IOI
082 ## - DEWEY DECIMAL CLASSIFICATION NUMBER
Classification number 372 GRI 1946 A021 Or.
100 1# - MAIN ENTRY--AUTHOR NAME
Personal name Karr, Harrison M
245 10 - TITLE STATEMENT
Title Now you're talking! /
260 ## - PUBLICATION, DISTRIBUTION, ETC. (IMPRINT)
Place of publication Glendale, Calif. :
Name of publisher Griffin-Patterson,
Year of publication c1946
300 ## - PHYSICAL DESCRIPTION
Number of Pages 136 p. :
Other physical details ill. ;
Dimensions 22 cm
650 #0 - SUBJECT ADDED ENTRY--TOPICAL TERM
Topical Term Speech
942 ## - ADDED ENTRY ELEMENTS (KOHA)
Koha item type សៀវភៅភាសាអង់គ្លេស
952 ## - LOCATION AND ITEM INFORMATION (KOHA)
Withdrawn status [LOCAL, KOHA] 0
952 ## - LOCATION AND ITEM INFORMATION (KOHA)
Withdrawn status [LOCAL, KOHA] 0
Holdings
Permanent Location Date acquired Koha item type Lost status Shelving location Barcode Current Location Full call number
Library Block A2017-08-28សៀវភៅភាសាអង់គ្លេស A021A22256Library Block A372 GRI 1946 A021 Or.
Library Block A2017-08-28សៀវភៅភាសាអង់គ្លេស A021A22136Library Block A372 GRI 1946 A021 Or.
មជ្ឈមណ្ឌលឯការនៃសាកលវិទ្យាល័យភូមិន្ទកសិកម្មចំការដូង

Powered by Koha